Megtartotta első közgyűlését Jó Pásztor Alapítvány

Bibliographic Details
Main Author: (kamoncza) (Author)
Format: Article
Language:Hungarian
Subjects:

MARC

LEADER 00000nab a2200000 a 4500
001 vtls000567065
003 SK-MaSNL
005 20260319074547.0
008 160202c1995 xo 0 hun
015 |a SNBRB19rr/mm-uuuuu 
035 |a CL0567203 
040 |a SNKBUCL  |b slo  |c SNKBUCL  |e AACR2 
041 0 |a hun 
044 |a xo  |c SK 
080 |a 266.3:061.3  |2 1981 
100 1 |a (kamoncza)  |4 aut  |9 895640 
245 1 0 |a Megtartotta első közgyűlését  |b Jó Pásztor Alapítvány  |c (kamoncza) 
650 0 7 |a Nadácia Dobrý pastier  |2 snkbucl  |9 993801 
655 7 |a články z novín a časopisov  |2 snkbucl  |9 267496 
773 0 |t Új szó  |g Roč. 48, č. 263 (14. 11. 1995), s. 2 
850 |a Slovenská národná knižnica v Martine  |a DSG001 
852 |a SNK  |b KIS3GCP 
958 |a RK 
958 |a HU 
958 |a SK 
992 |a RBX 
999 |c 1601621  |d 1603551